| 000 | 00632nam a2200217Ia 4500 | ||
|---|---|---|---|
| 003 | OSt | ||
| 005 | 20250605123648.0 | ||
| 008 | 210210b1986 xxu||||| |||| 00| 0 eng d | ||
| 040 | _cAL | ||
| 041 | _aKannada | ||
| 082 | _aK894.3 KOMO | ||
| 100 |
_aKOMMURI VENUGOPALARAV _dಕೊಮ್ಮೂರಿ ವೇಣುಗೋಪಾಲರಾವ್ _9212945 |
||
| 245 |
_aOndada dari _bಒಂದಾದ ದಾರಿ |
||
| 260 |
_aBengaluru _bPrakasha Sahitya _c1986 |
||
| 300 | _a160 | ||
| 650 |
_aVamshi _9212946 |
||
| 690 |
_aKannada Fiction _9212947 |
||
| 700 |
_aVamshi _dವಂಶಿ tr _9212948 |
||
| 906 | _a040196 | ||
| 942 |
_2ddc _cBK |
||
| 999 |
_c90438 _d90438 |
||